[Event "ICC tourney 1897 (3 2)"]
[Site "Internet Chess Club"]
[Date "2020.07.03"]
[Round "1"]
[White "cloak1"]
[Black "dopolian"]
[Result "1/2-1/2"]
[WhiteElo "1909"]
[BlackElo "1570"]
[PlyCount "303"]
[EventDate "2020.??.??"]

1. d4 Nf6 2. Bf4 g6 3. Nc3 d5 4. h4 Bg7 5. e3 h5 6. Nb5 Na6 7. a3 O-O 8. Nf3 c6
9. Nc3 Bf5 10. Bd3 Bxd3 11. cxd3 c5 12. O-O cxd4 13. exd4 e6 14. Qb3 b6 15.
Rac1 Ng4 16. Qa4 Nc7 17. Bxc7 Qxc7 18. Nxd5 Qd6 19. Ne3 Rfd8 20. Nc4 Qf4 21.
Qc6 Bxd4 22. Qe4 Bxf2+ 23. Kh1 Qg3 24. Nce5 Nf6 25. Qe2 Bc5 26. Qe1 Qxe1 27.
Rcxe1 Ng4 28. Ng5 Nxe5 29. Rxe5 Rd7 30. b4 Bd4 31. Re4 Bg7 32. Ref4 Rf8 33.
R4f3 Bh6 34. Ne4 Bg7 35. Ng5 Rc7 36. g3 Bh6 37. Ne4 Kg7 38. Nf6 Rd8 39. R1f2
Bc1 40. Kg2 Bh6 41. Ne4 Rd4 42. Ng5 Bxg5 43. hxg5 Rd5 44. Ra2 Rxg5 45. Kf2 Rd5
46. a4 Rc3 47. Rd2 Rb3 48. a5 bxa5 49. bxa5 Rxa5 50. Kg2 Rd5 51. Rdf2 Rf5 52.
Rxf5 exf5 53. Rd2 Kf6 54. Kf3 Ke5 55. Ke3 a5 56. Rc2 Rb5 57. Rc4 g5 58. Ra4 f6
59. Rc4 Ke6 60. Rc8 Kf7 61. Rh8 Kg6 62. Rg8+ Kh7 63. Rf8 Kg7 64. Rc8 Re5+ 65.
Kf3 Re1 66. Ra8 Ra1 67. d4 Ra3+ 68. Kf2 Kf7 69. Ra6 Rd3 70. Rxa5 Rxd4 71. Rxf5
Kg6 72. Ra5 Rb4 73. Ra8 Rb2+ 74. Kf3 g4+ 75. Kf4 Rb4+ 76. Ke3 Rb3+ 77. Kf2 Rf3+
78. Kg2 Rc3 79. Ra5 Rc2+ 80. Kf1 f5 81. Ra6+ Kg5 82. Ra8 Rc4 83. Rg8+ Kf6 84.
Rh8 Kg6 85. Rg8+ Kf6 86. Rh8 Rc3 87. Kg2 Rc2+ 88. Kg1 Rc1+ 89. Kg2 Rc2+ 90. Kg1
Kg6 91. Rg8+ Kf7 92. Rh8 Ke6 93. Rxh5 Ke5 94. Rh8 Ke4 95. Rf8 Re2 96. Kf1 Rd2
97. Rf7 Rd5 98. Kg2 Re5 99. Rf8 Ke3 100. Rf7 Rc5 101. Re7+ Kd3 102. Rf7 Re5
103. Rd7+ Ke2 104. Rf7 Ke1 105. Kg1 Ke2 106. Kg2 Kd3 107. Rd7+ Ke4 108. Rf7 Rb5
109. Re7+ Re5 110. Rf7 Ra5 111. Re7+ Kd4 112. Rd7+ Ke5 113. Re7+ Kd5 114. Re2
Ra3 115. Re8 Ra2+ 116. Kf1 Kd4 117. Re7 Rb2 118. Re8 Rd2 119. Re7 Kd5 120. Re8
Kd4 121. Re7 Rc2 122. Re8 Rc5 123. Re7 Re5 124. Ra7 Ke4 125. Kf2 Rb5 126. Ra4+
Kd3 127. Ra3+ Ke4 128. Ra4+ Ke5 129. Ra2 Rd5 130. Re2+ Kf6 131. Re8 Rb5 132.
Ke3 Rb2 133. Rf8+ Ke6 134. Re8+ Kd5 135. Rd8+ Ke5 136. Re8+ Kd6 137. Rd8+ Ke7
138. Ra8 Rg2 139. Kf4 Rf2+ 140. Kg5 Rf3 141. Ra6 Rf1 142. Ra2 Ke6 143. Ra5 Rf3
144. Rb5 Rxg3 145. Rxf5 Rf3 146. Ra5 g3 147. Ra1 g2 148. Rg1 Rf2 149. Kg4 Ke5
150. Kg3 Ra2 151. Rxg2 Ra3+ 152. Kh2 1/2-1/2

[Event "ICC tourney 1897 (3 2)"]
[Site "Internet Chess Club"]
[Date "2020.07.03"]
[Round "15"]
[White "Taechess"]
[Black "fishmaster"]
[Result "0-1"]
[WhiteElo "1766"]
[BlackElo "2061"]
[PlyCount "140"]
[EventDate "2020.??.??"]

1. e4 e5 2. Nf3 Nc6 3. Bc4 Nf6 4. Ng5 d5 5. exd5 Na5 6. Bb5+ c6 7. dxc6 bxc6 8.
Bd3 Nd5 9. Nf3 Bd6 10. Nc3 O-O 11. O-O Nf4 12. Re1 Nxd3 13. cxd3 Qc7 14. Qa4
Nb7 15. g3 Nc5 16. Qh4 Nxd3 17. Re3 Nb4 18. Re4 Nc2 19. Rb1 Bf5 20. Ra4 Nd4 21.
Nxd4 exd4 22. Rxd4 Bxb1 23. Nxb1 Rae8 24. Re4 f5 25. Rxe8 Rxe8 26. Qc4+ Kh8 27.
d4 h6 28. Bd2 f4 29. Qd3 fxg3 30. hxg3 Qe7 31. Nc3 Rf8 32. d5 cxd5 33. Nxd5 Qf7
34. Be3 Rd8 35. Nf4 Qxa2 36. b3 Qa1+ 37. Kh2 Qf6 38. Ng6+ Kg8 39. Qc4+ Kh7 40.
Nh4 g6 41. Kg2 Kg7 42. Bd4 Be5 43. Bxa7 Re8 44. Be3 Rf8 45. Qd5 Kh7 46. b4 Rf7
47. b5 Bb8 48. Nf3 Bc7 49. Bd4 Qf5 50. Qc6 Bxg3 51. fxg3 Qd3 52. Qd5 Qe2+ 53.
Bf2 Re7 54. b6 Qb2 55. b7 Qxb7 56. Qd6 Rf7 57. Qd3 Qd7 58. Qe3 Qd5 59. Be1 g5
60. Qe2 g4 61. Qc2+ Kg8 62. Qc8+ Kh7 63. Qxg4 Qa2+ 64. Bf2 Qd5 65. Be3 Qc6 66.
Bf4 Rd7 67. Kh3 Rg7 68. Qf5+ Kg8 69. Be5 Rg6 70. Nh4 Qh1# 0-1

[Event "ICC tourney 1897 (3 2)"]
[Site "Internet Chess Club"]
[Date "2020.07.03"]
[Round "14"]
[White "Pschaak"]
[Black "Taechess"]
[Result "1/2-1/2"]
[WhiteElo "2018"]
[BlackElo "1771"]
[PlyCount "124"]
[EventDate "2020.??.??"]

1. d4 e6 2. Bf4 Nf6 3. e3 d5 4. Nf3 Be7 5. Nbd2 O-O 6. h3 c5 7. c3 Nc6 8. Bd3
h6 9. O-O cxd4 10. cxd4 Bd6 11. Bxd6 Qxd6 12. a3 a6 13. Qb3 b5 14. Rac1 Bb7 15.
Qc3 Rfc8 16. Qc5 Qd7 17. Qb6 Ne8 18. Nb3 Qc7 19. Qxc7 Rxc7 20. Rc3 Nd6 21. Rfc1
Nc4 22. Be2 Rac8 23. Nc5 Ne7 24. Nxb7 Rxb7 25. b3 Nd6 26. Rxc8+ Nexc8 27. a4
Kf8 28. Ne5 f6 29. Ng6+ Ke8 30. axb5 axb5 31. Rc5 Na7 32. Bf3 b4 33. Nf4 Re7
34. Ra5 Ndb5 35. Ra4 g5 36. Nd3 Rc7 37. Nxb4 Nc3 38. Ra1 Nab5 39. Nd3 Ke7 40.
Nc5 e5 41. Na6 Ra7 42. b4 Nc7 43. b5 N3xb5 44. Be2 Rxa6 45. Rxa6 Nxa6 46. Bxb5
Nb4 47. dxe5 fxe5 48. Kf1 Kf6 49. Ke2 e4 50. g3 h5 51. f4 exf3+ 52. Kxf3 Ke5
53. Be8 h4 54. gxh4 gxh4 55. Kg4 Nc2 56. Kxh4 Nxe3 57. Kg5 Ng2 58. h4 Nxh4 59.
Kxh4 d4 60. Bh5 d3 61. Kg3 d2 62. Kf2 d1=B 1/2-1/2

[Event "ICC tourney 1897 (3 2)"]
[Site "Internet Chess Club"]
[Date "2020.07.03"]
[Round "12"]
[White "tsohal"]
[Black "Taechess"]
[Result "1-0"]
[WhiteElo "1901"]
[BlackElo "1744"]
[PlyCount "129"]
[EventDate "2020.??.??"]

1. d4 e6 2. c4 Nf6 3. Nf3 Bb4+ 4. Nbd2 c5 5. dxc5 Bxc5 6. g3 O-O 7. Bg2 Nc6 8.
O-O d5 9. a3 a5 10. Qc2 d4 11. b3 e5 12. Bb2 Re8 13. Ng5 h6 14. Nge4 Bf5 15.
Qd1 Nxe4 16. Nxe4 Bf8 17. Qd2 Qd7 18. f3 Bxe4 19. fxe4 Rad8 20. Rf3 Bc5 21. Kh1
f6 22. h4 Qg4 23. Qd3 Rf8 24. Kh2 Kh8 25. Bh3 Qg6 26. Be6 Ne7 27. Raf1 Rd6 28.
Bd5 Nxd5 29. cxd5 Rb8 30. Qb5 b6 31. b4 Qxe4 32. bxc5 Rxd5 33. Qd3 Qxd3 34.
exd3 bxc5 35. R1f2 Rb3 36. Kg2 Rd7 37. Rc2 Rdb7 38. Bc1 Rc3 39. Rxc3 dxc3 40.
Rf2 Rb1 41. Rc2 Rb3 42. Kf3 f5 43. g4 g6 44. gxf5 gxf5 45. Bxh6 Kh7 46. Bf8
Rxa3 47. Bxc5 Rb3 48. Bd6 a4 49. Bxe5 a3 50. Rxc3 Rb5 51. Kf4 a2 52. Ra3 Rd5
53. d4 Rb5 54. Rxa2 Rb1 55. Kxf5 Rf1+ 56. Ke6 Kh6 57. d5 Kh7 58. d6 Rd1 59. d7
Kg6 60. Ra4 Kh7 61. Rd4 Rg1 62. d8=Q Rg8 63. Rd7+ Kh6 64. Qxg8 Kh5 65. Rh7# 1-0

[Event "ICC tourney 1897 (3 2)"]
[Site "Internet Chess Club"]
[Date "2020.07.03"]
[Round "11"]
[White "Taechess"]
[Black "Kokoro"]
[Result "1-0"]
[WhiteElo "1749"]
[BlackElo "1795"]
[PlyCount "105"]
[EventDate "2020.??.??"]

1. e4 d5 2. exd5 Qxd5 3. Nc3 Qd8 4. d4 Nf6 5. Nf3 Bf5 6. Be2 e6 7. O-O c6 8.
Bg5 Nbd7 9. h3 Qc7 10. Qd2 Be7 11. Rfe1 O-O 12. Bd3 Bxd3 13. Qxd3 h6 14. Bh4
Bd6 15. Ne4 Nxe4 16. Qxe4 Rae8 17. Qg4 f5 18. Qg6 e5 19. dxe5 Nxe5 20. Nxe5
Bxe5 21. c3 Qf7 22. Qxf7+ Kxf7 23. Re2 g5 24. Bg3 Bxg3 25. Rxe8 Bxf2+ 26. Kxf2
Rxe8 27. Rd1 Re7 28. g4 f4 29. Rd6 Kg7 30. a4 a5 31. b4 Re3 32. Rd7+ Kg6 33.
Rxb7 Rxc3 34. bxa5 Rxh3 35. a6 Ra3 36. Rb4 c5 37. a7 cxb4 38. a8=Q Ra2+ 39. Kf3
Ra3+ 40. Ke4 Re3+ 41. Kd4 b3 42. Qg8+ Kf6 43. Qf8+ Kg6 44. Qd6+ Kg7 45. Qc7+
Kf6 46. Qb6+ Kf7 47. a5 Ke7 48. a6 Re6 49. Qb7+ Kf6 50. a7 Rd6+ 51. Kc5 Rd3 52.
a8=Q b2 53. Qh8+ 1-0

[Event "ICC tourney 1897 (3 2)"]
[Site "Internet Chess Club"]
[Date "2020.07.03"]
[Round "3"]
[White "Taechess"]
[Black "pyaru536"]
[Result "0-1"]
[WhiteElo "1738"]
[BlackElo "1217"]
[PlyCount "92"]
[EventDate "2020.??.??"]

1. e4 e5 2. Nf3 Nc6 3. Bc4 Nf6 4. Ng5 d5 5. exd5 Na5 6. Bb5+ c6 7. dxc6 bxc6 8.
Bd3 Nd5 9. Nf3 Nf4 10. O-O Nxd3 11. cxd3 Bd6 12. Nc3 O-O 13. Qa4 Bf5 14. Re1
Re8 15. b4 Nb7 16. Qxc6 Rb8 17. a3 Bxd3 18. Bb2 Na5 19. Qd5 Nc4 20. Qxd3 Nxb2
21. Qd5 Bc7 22. Reb1 Nd3 23. Qe4 Bb6 24. Rf1 Nf4 25. g3 Ne6 26. Nd5 Bd4 27.
Rac1 Rc8 28. Rxc8 Qxc8 29. Nxe5 Bxe5 30. Qxe5 h6 31. Re1 Qa6 32. Nf4 Qxa3 33.
Nxe6 Rxe6 34. Qa1 Rxe1+ 35. Qxe1 Qxb4 36. Qe8+ Kh7 37. Qxf7 Qb1+ 38. Kg2 a5 39.
Qc4 Qf5 40. h4 h5 41. Qa4 Qd5+ 42. Kg1 Qxd2 43. Qe4+ Kh6 44. Qe6+ g6 45. Qe8
Qc1+ 46. Kh2 Qc7 0-1

[Event "ICC tourney 1897 (3 2)"]
[Site "Internet Chess Club"]
[Date "2020.07.03"]
[Round "1"]
[White "Taechess"]
[Black "Bo002"]
[Result "0-1"]
[WhiteElo "1769"]
[BlackElo "1476"]
[PlyCount "84"]
[EventDate "2020.??.??"]

1. e4 c5 2. Nf3 Nc6 3. Bb5 g6 4. c3 Bg7 5. d4 cxd4 6. cxd4 Nf6 7. Nc3 Qa5 8.
Bxc6 dxc6 9. O-O O-O 10. Re1 Bg4 11. h3 Bxf3 12. Qxf3 Rfd8 13. Be3 Qb6 14. Rab1
Qc7 15. Rbc1 Rac8 16. e5 Nd5 17. Ne4 Qb6 18. b3 Qa6 19. Ng5 Rf8 20. Qe2 Qxe2
21. Rxe2 Rfd8 22. Ne4 Nxe3 23. fxe3 Bh6 24. Rf1 b6 25. g4 c5 26. g5 Bg7 27.
Ref2 cxd4 28. Rxf7 dxe3 29. Rxe7 Re8 30. Rff7 Rxe7 31. Rxe7 Rc1+ 32. Kg2 e2 33.
Re8+ Bf8 34. Nf6+ Kg7 35. Nd7 e1=Q 36. Rxf8 Rc2+ 37. Kf3 Rf2+ 38. Kg4 Rxf8 39.
Nxf8 Kxf8 40. e6 Qxe6+ 41. Kh4 Qf5 42. a4 Qf4# 0-1

[Event "ICC tourney 1897 (3 2)"]
[Site "Internet Chess Club"]
[Date "2020.07.03"]
[Round "14"]
[White "espark"]
[Black "fastnfurious"]
[Result "0-1"]
[WhiteElo "1736"]
[BlackElo "1852"]
[PlyCount "156"]
[EventDate "2020.??.??"]

1. e4 c6 2. d4 d5 3. Nc3 a6 4. Nf3 Bg4 5. Bd2 e6 6. Be3 Bb4 7. h3 Bh5 8. e5 Ne7
9. a3 Ba5 10. g4 Bg6 11. Be2 h5 12. Rg1 h4 13. Bg5 Qc7 14. Nxh4 Bb6 15. Bxe7
Qxe7 16. Nxg6 fxg6 17. Qd3 Qf7 18. O-O-O Nd7 19. Na4 Ba7 20. Rdf1 Qf4+ 21. Kb1
O-O-O 22. Rd1 g5 23. Rg2 Rdf8 24. Nc3 Rh6 25. Bf1 Rfh8 26. Rg3 Rf8 27. Bg2 Qxf2
28. Rf1 Qxd4 29. Rxf8+ Nxf8 30. Qf3 Rh8 31. Qe2 Nd7 32. Rd3 Qxe5 33. Qf1 Rf8
34. Rf3 Rxf3 35. Qxf3 Qf4 36. Qd3 Qe3 37. Qg6 Qg1+ 38. Ka2 Qxg2 39. Qxg5 Qf3
40. Qxg7 d4 41. Nb1 Qd5+ 42. Ka1 d3 43. cxd3 Qxd3 44. g5 Bd4 45. Qg8+ Kc7 46.
Qxe6 Qc2 47. Qa2 Nb6 48. Qf7+ Kb8 49. Nc3 Bxc3 50. bxc3 Qxc3+ 51. Kb1 Qxa3 52.
g6 Qb4+ 53. Kc1 Nc4 54. Qe8+ Ka7 55. Qd7 Qc3+ 56. Kd1 Ne3+ 57. Ke2 Nd5 58. g7
Qe3+ 59. Kd1 Qd3+ 60. Ke1 Qe4+ 61. Kd1 Ne3+ 62. Kd2 Nc4+ 63. Kc3 Nb6 64. g8=Q
Nd5+ 65. Kb3 Qd3+ 66. Ka2 Qc2+ 67. Ka1 Qc3+ 68. Kb1 Qe1+ 69. Kc2 Qe2+ 70. Kc1
Qe1+ 71. Kc2 Qe4+ 72. Kd2 Qd4+ 73. Ke2 Nf4+ 74. Kf3 Qxd7 75. Kxf4 Qxh3 76. Qg6
Qf1+ 77. Ke3 Qb5 78. Qg1 Qb6+ 0-1

[Event "ICC tourney 1897 (3 2)"]
[Site "Internet Chess Club"]
[Date "2020.07.03"]
[Round "13"]
[White "Taechess"]
[Black "espark"]
[Result "1-0"]
[WhiteElo "1761"]
[BlackElo "1745"]
[PlyCount "53"]
[EventDate "2020.??.??"]

1. e4 e5 2. Nf3 Nc6 3. Bc4 Nf6 4. Ng5 d5 5. exd5 Na5 6. Bb5+ c6 7. dxc6 bxc6 8.
Bd3 Ng4 9. Nf3 f5 10. h3 e4 11. hxg4 exd3 12. cxd3 fxg4 13. Ne5 Bf5 14. Qe2 Be7
15. Nc3 O-O 16. Ne4 Bf6 17. Nxg4 Bxg4 18. Qxg4 Qxd3 19. Qe6+ Kh8 20. Qf5 h6 21.
Rh3 Qd4 22. d3 Qb4+ 23. Kf1 Bxb2 24. Qg6 Bxa1 25. Bxh6 Rf4 26. Bxg7+ Kg8 27.
Rh8# 1-0

[Event "ICC tourney 1897 (3 2)"]
[Site "Internet Chess Club"]
[Date "2020.07.03"]
[Round "12"]
[White "espark"]
[Black "Pschaak"]
[Result "0-1"]
[WhiteElo "1762"]
[BlackElo "2040"]
[PlyCount "112"]
[EventDate "2020.??.??"]

1. e4 c6 2. d4 d5 3. Nc3 dxe4 4. Nxe4 Bf5 5. Ng3 Bg6 6. h4 h6 7. Nf3 Nd7 8. h5
Bh7 9. Bd3 Bxd3 10. Qxd3 e6 11. Bd2 Ngf6 12. O-O-O Bd6 13. Ne4 Nxe4 14. Qxe4
Qc7 15. Kb1 O-O-O 16. c4 c5 17. Bc3 Nf6 18. Qe2 cxd4 19. Nxd4 a6 20. Nb3 Qc6
21. f3 Bf4 22. g4 e5 23. Rde1 Rd7 24. Qc2 Qxf3 25. Bxe5 Bxe5 26. Rhf1 Qh3 27.
c5 Bc7 28. c6 bxc6 29. Qxc6 Qd3+ 30. Ka1 Re8 31. Rxe8+ Nxe8 32. Rc1 Kd8 33. Nc5
Qd5 34. Qxa6 Qxc5 35. Qa8+ Ke7 36. Re1+ Kf6 37. Qxe8 Qd4 38. Rf1+ Bf4 39. Qe2
Kg5 40. a3 Ra7 41. Kb1 Rd7 42. Ka1 f6 43. Qc2 Qd3 44. Qc5+ Qd5 45. Qc2 Qd3 46.
Qc5+ Rd5 47. Qf8 Rd7 48. Qc5+ Kxg4 49. Rg1+ Bg3 50. Qc1 Kxh5 51. Qc5+ Be5 52.
Qc1 Qxa3+ 53. Kb1 Qxb2+ 54. Qxb2 Bxb2 55. Kxb2 g5 56. Rh1+ Kg6 0-1

[Event "ICC tourney 1897 (3 2)"]
[Site "Internet Chess Club"]
[Date "2020.07.03"]
[Round "11"]
[White "Xuanli28"]
[Black "espark"]
[Result "0-1"]
[WhiteElo "1647"]
[BlackElo "1768"]
[PlyCount "104"]
[EventDate "2020.??.??"]

1. e4 g6 2. d4 Bg7 3. Nc3 a6 4. Nf3 d6 5. Be3 b5 6. Qd2 Bb7 7. Bd3 Nd7 8. O-O-O
b4 9. Ne2 a5 10. h4 Ngf6 11. Ng3 Ng4 12. h5 Nxe3 13. Qxe3 c5 14. hxg6 hxg6 15.
Rxh8+ Bxh8 16. c3 bxc3 17. bxc3 Qc7 18. Kd2 Rc8 19. d5 a4 20. Rc1 Qa5 21. Ne2
Bg7 22. Nh2 Ba6 23. f4 Nb6 24. Ng4 Bc4 25. Rc2 Qb5 26. Ng3 a3 27. f5 Bxd3 28.
Qxd3 Nc4+ 29. Ke2 Qb1 30. fxg6 fxg6 31. e5 Nxe5 32. Nxe5 Bxe5 33. Qxg6+ Kd8 34.
Nf1 Rb8 35. Ne3 Rb2 36. Qg8+ Kc7 37. Rxb2 Qxb2+ 38. Kf3 Qxa2 39. Qe8 Qb2 40.
Qxe7+ Kb6 41. Qd8+ Kb5 42. Qb8+ Ka4 43. Qa8+ Kb3 44. Qb7+ Ka2 45. Qa6 Qxc3 46.
Qe2+ Qb2 47. Qc4+ Qb3 48. Qe2+ Ka1 49. Kg4 a2 50. Nc2+ Kb1 51. Qd1+ Kb2 52.
Qa1+ Kxc2 0-1

[Event "ICC tourney 1897 (3 2)"]
[Site "Internet Chess Club"]
[Date "2020.07.03"]
[Round "10"]
[White "espark"]
[Black "londonkid"]
[Result "0-1"]
[WhiteElo "1755"]
[BlackElo "1806"]
[PlyCount "44"]
[EventDate "2020.??.??"]

1. e4 e6 2. d4 d5 3. Nc3 Nf6 4. e5 Nfd7 5. f4 c5 6. Nf3 Nc6 7. Be3 a6 8. Qd2 b5
9. dxc5 Bxc5 10. O-O-O O-O 11. h4 Bxe3 12. Qxe3 Qb6 13. Qd2 Nc5 14. Bd3 b4 15.
Ne2 Qa5 16. Kb1 Rb8 17. Ned4 Nxd4 18. Nxd4 Bd7 19. g3 Na4 20. Ka1 Nc3 21. bxc3
bxc3 22. Qe3 Rb2 0-1

[Event "ICC tourney 1897 (3 2)"]
[Site "Internet Chess Club"]
[Date "2020.07.03"]
[Round "9"]
[White "justinchess"]
[Black "espark"]
[Result "1-0"]
[WhiteElo "2141"]
[BlackElo "1768"]
[PlyCount "87"]
[EventDate "2020.??.??"]

1. d4 Nf6 2. c4 b6 3. Nc3 Bb7 4. Qc2 d5 5. cxd5 Nxd5 6. Nf3 g6 7. Bd2 Bg7 8. e4
Nxc3 9. Bxc3 O-O 10. Bd3 Nd7 11. O-O e6 12. Rad1 Qe7 13. b4 e5 14. d5 c6 15.
dxc6 Bxc6 16. Bxe5 Nxe5 17. Nxe5 Bxe5 18. Qxc6 Qxb4 19. Qd5 Bg7 20. Bc4 Qe7 21.
Qd3 Rac8 22. Bd5 Rc5 23. f4 Rc3 24. Qe2 Rfc8 25. f5 g5 26. f6 Bxf6 27. Qh5 Rf8
28. Kh1 Kh8 29. Rf5 Be5 30. Rxg5 f6 31. Rf5 Qc5 32. Rdf1 Rc1 33. h3 Rxf1+ 34.
Rxf1 Qb5 35. Qf5 Qc5 36. Qh5 Qe7 37. Rc1 Bd6 38. Rc6 f5 39. Qh6 Bg3 40. Qe3 f4
41. Qc3+ Qg7 42. Qc1 Qd4 43. Rc4 Qe3 44. Qa1+ 1-0

[Event "ICC tourney 1897 (3 2)"]
[Site "Internet Chess Club"]
[Date "2020.07.03"]
[Round "7"]
[White "espark"]
[Black "Dlugy"]
[Result "0-1"]
[WhiteElo "1762"]
[BlackElo "2842"]
[PlyCount "114"]
[EventDate "2020.??.??"]

1. e4 c5 2. Nf3 d6 3. d4 cxd4 4. Nxd4 Nf6 5. Nc3 Nc6 6. Bg5 e6 7. Qd2 a6 8.
O-O-O h6 9. Bxf6 Qxf6 10. Nb3 Qd8 11. f4 Be7 12. g4 b5 13. Bd3 Bb7 14. Kb1 Qc7
15. h4 O-O-O 16. g5 hxg5 17. hxg5 g6 18. Rhe1 Rh4 19. Nd5 exd5 20. exd5 Nb8 21.
f5 Bf8 22. f6 Nd7 23. Be4 Ne5 24. Nd4 Kb8 25. Qf2 Rxe4 26. Rxe4 Bxd5 27. Ree1
Bb7 28. Qf4 Rc8 29. c3 Ka8 30. Ka1 Qc4 31. Qd2 Kb8 32. Re3 Qc5 33. Ree1 Nc4 34.
Qf4 Ne5 35. Qd2 Ka8 36. Kb1 Nc4 37. Qf4 b4 38. Nb3 Qb6 39. Qd4 bxc3 40. Qxb6
Nxb6 41. bxc3 Na4 42. c4 Nc3+ 43. Kc2 Nxd1 44. Kxd1 Rxc4 45. Re8+ Rc8 46. Re3
Bd5 47. Rd3 Bc4 48. Rd4 d5 49. Rh4 Bd6 50. Rh7 Rf8 51. Rh4 Ka7 52. Nc1 Kb6 53.
Nb3 a5 54. Nc1 a4 55. Rd4 Rh8 56. Kc2 Rh2+ 57. Kb1 Be5 0-1

[Event "ICC tourney 1897 (3 2)"]
[Site "Internet Chess Club"]
[Date "2020.07.03"]
[Round "5"]
[White "Wizard98"]
[Black "espark"]
[Result "0-1"]
[WhiteElo "1547"]
[BlackElo "1696"]
[PlyCount "80"]
[EventDate "2020.??.??"]

1. e4 g6 2. d4 Bg7 3. Nf3 d6 4. Bc4 Nf6 5. Qe2 O-O 6. e5 dxe5 7. dxe5 Nd5 8. h3
c6 9. O-O Be6 10. Rd1 Qc7 11. Bg5 Re8 12. Bh4 Nd7 13. Bg3 b5 14. Bxd5 cxd5 15.
Nc3 a6 16. Nxd5 Qc5 17. Nf4 Bc4 18. Nd3 Qb6 19. b3 Be6 20. Nf4 Bf5 21. Bh2 Ra7
22. Rd2 Nc5 23. Rad1 Be4 24. Ng5 Ba8 25. b4 Na4 26. e6 f6 27. Nf3 Nc3 28. Qe1
Nxd1 29. Qxd1 Bxf3 30. Qxf3 g5 31. Nd5 Qxe6 32. Re2 Qf7 33. Bg3 Rd7 34. Ne3 e6
35. h4 h6 36. Qc6 f5 37. hxg5 hxg5 38. f4 gxf4 39. Bxf4 e5 40. Nxf5 Qxf5 0-1

[Event "ICC tourney 1897 (3 2)"]
[Site "Internet Chess Club"]
[Date "2020.07.03"]
[Round "4"]
[White "espark"]
[Black "Sina101"]
[Result "1-0"]
[WhiteElo "1688"]
[BlackElo "1341"]
[PlyCount "79"]
[EventDate "2020.??.??"]

1. e4 c5 2. Nf3 e6 3. d4 cxd4 4. Nxd4 Nc6 5. Nc3 Qc7 6. Be3 a6 7. Qd2 Nf6 8.
O-O-O Bb4 9. f3 Ne5 10. Nb3 d5 11. Bf4 O-O 12. Qd4 Bd6 13. Be3 Nc6 14. Qd2 Rd8
15. exd5 exd5 16. Bg5 h6 17. Be3 Be6 18. Kb1 Rac8 19. Qf2 Rd7 20. Bb6 Qb8 21.
Nd4 Nxd4 22. Bxd4 Be7 23. g4 b5 24. Bd3 Nh7 25. h4 b4 26. Ne2 Nf8 27. Rdg1 a5
28. g5 h5 29. g6 fxg6 30. Bxg6 Nxg6 31. Rxg6 Bf6 32. Bxf6 Bf5 33. Rg5 Bxc2+ 34.
Ka1 b3 35. a3 Rc4 36. Rhg1 g6 37. Qg2 Qe8 38. Re5 Qf7 39. Qg5 Bd3 40. Nf4 1-0

[Event "ICC tourney 1897 (3 2)"]
[Site "Internet Chess Club"]
[Date "2020.07.03"]
[Round "14"]
[White "destroyingeagle"]
[Black "Elieman"]
[Result "1-0"]
[WhiteElo "1432"]
[BlackElo "1623"]
[PlyCount "137"]
[EventDate "2020.??.??"]

1. Nf3 d5 2. g3 Bg4 3. Bg2 Nd7 4. h3 Bh5 5. O-O e6 6. d3 Bd6 7. Nbd2 Ne7 8. e4
c6 9. Qe2 O-O 10. g4 Bg6 11. Nh4 a5 12. Nxg6 hxg6 13. f4 Qc7 14. e5 Bc5+ 15.
Kh1 a4 16. Nf3 Qb6 17. c3 a3 18. b3 d4 19. c4 Bb4 20. Bd2 Bxd2 21. Qxd2 Rfd8
22. Ng5 Nc5 23. Ne4 Nxe4 24. Bxe4 Qa5 25. Qxa5 Rxa5 26. Rab1 Nc8 27. Kg2 Nb6
28. g5 Nd7 29. Rh1 Ra6 30. h4 Nc5 31. Kf3 Raa8 32. Rh2 b5 33. Bxc6 Nxd3 34.
Bxa8 Rxa8 35. cxb5 Nb2 36. Rc1 d3 37. Rd2 Rb8 38. Rc5 Kf8 39. Ke3 Ke7 40. Kd4
Kd7 41. Kc3 Rh8 42. Rh2 Rb8 43. Kb4 Ra8 44. Rc6 Ke7 45. Rc7+ Ke8 46. b6 Rd8 47.
Rd2 Rb8 48. b7 Kd8 49. Rc8+ Rxc8 50. bxc8=Q+ Kxc8 51. Kxa3 Kd7 52. Kxb2 Ke7 53.
Rxd3 f5 54. gxf6+ gxf6 55. exf6+ Kxf6 56. a4 Kf5 57. Rd5+ Kxf4 58. Rg5 e5 59.
Rxg6 e4 60. a5 e3 61. a6 e2 62. Re6 Kf3 63. Rxe2 Kxe2 64. a7 Kd3 65. a8=Q Kd4
66. h5 Ke5 67. h6 Kf6 68. h7 Kg7 69. h8=Q+ 1-0

[Event "ICC tourney 1897 (3 2)"]
[Site "Internet Chess Club"]
[Date "2020.07.03"]
[Round "10"]
[White "Kokoro"]
[Black "Elieman"]
[Result "1-0"]
[WhiteElo "1834"]
[BlackElo "1653"]
[PlyCount "99"]
[EventDate "2020.??.??"]

1. d4 d5 2. c4 e6 3. Nf3 Nf6 4. Nc3 Bb4 5. Qa4+ Nc6 6. e3 O-O 7. Bd3 Bd7 8. Qc2
dxc4 9. Bxc4 Na5 10. Bd3 c5 11. dxc5 Rc8 12. a3 Bxc3+ 13. Qxc3 Nd5 14. Qc2 h6
15. b4 Nc6 16. O-O b6 17. b5 Na5 18. c6 a6 19. Qb1 Be8 20. a4 Qf6 21. Bb2 Qe7
22. Ba3 Qf6 23. e4 Nc3 24. Qb2 Bxc6 25. bxc6 Rfd8 26. e5 Qf4 27. Qxc3 Rxc6 28.
Qb4 Qxb4 29. Bxb4 Rxd3 30. Bxa5 bxa5 31. Rfd1 Rdc3 32. h3 Kh7 33. Rd4 R6c5 34.
Kh2 Kg6 35. Kg3 Kf5 36. Rf4+ Kg6 37. h4 Rc2 38. h5+ Kxh5 39. Rxf7 Kg6 40. Ra7
Rb2 41. Rxa6 Rcc2 42. Rf1 Ra2 43. Rxa5 Rc3 44. Ra6 Kf7 45. a5 Rca3 46. Rd1 Rxa5
47. Rd7+ Ke8 48. Rad6 Ra6 49. Rd8+ Ke7 50. R6d7# 1-0

[Event "ICC tourney 1897 (3 2)"]
[Site "Internet Chess Club"]
[Date "2020.07.03"]
[Round "7"]
[White "Elieman"]
[Black "Bo002"]
[Result "0-1"]
[WhiteElo "1743"]
[BlackElo "1690"]
[PlyCount "126"]
[EventDate "2020.??.??"]

1. e4 c5 2. Nc3 Nc6 3. Bb5 Nd4 4. Nf3 Nxb5 5. Nxb5 d6 6. d4 cxd4 7. Qxd4 Qa5+
8. Nc3 Nf6 9. Bd2 e5 10. Qd3 Qb6 11. O-O-O Be7 12. Be3 Qc6 13. Nb5 Nxe4 14.
Nxa7 Rxa7 15. Bxa7 Be6 16. Rhe1 f5 17. Nd2 Nxd2 18. Qxd2 O-O 19. Qc3 Qa4 20.
Qa3 Qc6 21. Qc3 Qxg2 22. Rg1 Qc6 23. Qxc6 bxc6 24. Be3 Ra8 25. a3 Kf7 26. Rg2
f4 27. Bd2 Bd5 28. Rgg1 Bf3 29. Rde1 Bh4 30. Ref1 Be2 31. Bb4 c5 32. Bc3 Bxf1
33. Rxf1 e4 34. Kd2 Bxf2 35. Ke2 Be3 36. Bd2 Bxd2 37. Kxd2 g5 38. Ke2 Kf6 39.
c4 Rb8 40. Rb1 g4 41. a4 e3 42. a5 Kf5 43. a6 Ke4 44. a7 Ra8 45. Ra1 f3+ 46.
Kf1 h5 47. Ra3 h4 48. b4 cxb4 49. Ra4 Kd3 50. Rxb4 Rxa7 51. Rb3+ Ke4 52. Rb1 g3
53. hxg3 hxg3 54. Rc1 Ra3 55. c5 dxc5 56. Rc4+ Kd3 57. Rc1 e2+ 58. Kg1 f2+ 59.
Kg2 e1=Q 60. Kxg3 Qxc1 61. Kxf2 Qe3+ 62. Kg2 Ra2+ 63. Kf1 Qc1# 0-1

[Event "ICC tourney 1897 (3 2)"]
[Site "Internet Chess Club"]
[Date "2020.07.03"]
[Round "5"]
[White "Elieman"]
[Black "fastnfurious"]
[Result "0-1"]
[WhiteElo "1734"]
[BlackElo "1920"]
[PlyCount "168"]
[EventDate "2020.??.??"]

1. e4 c6 2. Nc3 d5 3. Nf3 Bg4 4. h3 Bxf3 5. Qxf3 e6 6. Be2 Nf6 7. e5 Nfd7 8. d4
c5 9. Be3 Nc6 10. O-O-O cxd4 11. Bxd4 Nxd4 12. Rxd4 Nxe5 13. Qe3 Nc6 14. Rxd5
Qb6 15. Qxb6 axb6 16. Rd2 Bb4 17. Kb1 O-O 18. Rhd1 Bxc3 19. bxc3 Rfc8 20. Rd7
Ra7 21. Bf3 g6 22. Kb2 Rca8 23. Ra1 Ne5 24. Rxb7 Nc4+ 25. Kc1 Rxa2 26. Rb8+
Rxb8 27. Rxa2 Kg7 28. Kd1 Rd8+ 29. Ke1 Rc8 30. Ra6 Rc5 31. Be2 Ne5 32. Rxb6
Rxc3 33. Kd2 Rc7 34. c3 h5 35. f4 Nd7 36. Rb5 Ra7 37. Kd3 Ra2 38. Bf3 Nf6 39.
Kd4 h4 40. c4 Rd2+ 41. Ke3 Rc2 42. c5 Rc3+ 43. Ke2 Rc1 44. Kd2 Rc4 45. c6 Kf8
46. c7 Rxc7 47. Ke3 Rc3+ 48. Kf2 Kg7 49. g3 hxg3+ 50. Kxg3 Ne4+ 51. Kg4 Nd6 52.
Rb6 Nf5 53. h4 Nd4 54. Be4 Rc1 55. Rb7 Kf6 56. h5 Rg1+ 57. Kh4 gxh5 58. Rd7
Nf5+ 59. Kxh5 Ng3+ 60. Kh4 Nxe4 61. Rd4 Kf5 62. Rd7 f6 63. Kh3 Kxf4 64. Kh2 Rg8
65. Rf7 f5 66. Re7 e5 67. Kh3 Kf3 68. Kh2 f4 69. Rf7 Nf2 70. Rxf4+ Ke2 71. Rf5
e4 72. Re5 Rh8+ 73. Kg3 e3 74. Kf4 Rh4+ 75. Kg3 Rh8 76. Kf4 Nd3+ 77. Ke4 Nxe5
78. Kxe5 Kd2 79. Kd4 e2 80. Ke4 e1=Q+ 81. Kf3 Rf8+ 82. Kg2 Qe4+ 83. Kh3 Qg6 84.
Kh2 Rh8# 0-1

[Event "ICC tourney 1897 (3 2)"]
[Site "Internet Chess Club"]
[Date "2020.07.03"]
[Round "4"]
[White "Elieman"]
[Black "MasterZachary"]
[Result "0-1"]
[WhiteElo "1759"]
[BlackElo "2272"]
[PlyCount "82"]
[EventDate "2020.??.??"]

1. e4 e5 2. Nc3 Nc6 3. Bc4 Nf6 4. d3 Na5 5. Nge2 Bc5 6. O-O h6 7. Kh1 Ng4 8.
Qe1 Qh4 9. h3 Nxf2+ 10. Rxf2 Bxf2 11. Qf1 Nxc4 12. dxc4 d6 13. Kh2 Bb6 14. a4
c6 15. Qf3 O-O 16. Bd2 f5 17. Rf1 Be6 18. Be1 Qe7 19. Qd3 fxe4 20. Rxf8+ Rxf8
21. Nxe4 d5 22. cxd5 cxd5 23. N4g3 e4 24. Qd2 Qd6 25. b3 d4 26. c3 d3 27. Nd4
Bxd4 28. cxd4 Qxd4 29. b4 e3 30. Qd1 d2 31. Ne2 dxe1=Q 32. Qxe1 Qd2 33. Qg3
Qxe2 34. Qe5 Bc4 35. Qd4 Qd3 36. Qe5 e2 37. Qe7 Qd2 38. Qc5 e1=Q 39. Qxc4+ Kh8
40. Qc5 Qdf2 41. Qc6 Qeg1# 0-1